000
00315nam a2200121Ia 4500
008
180117s9999 xx 000 0 und d
100
_a
by Czarina C Imperial
245
_a
Sweet and Crunchy Success
260
_c
2017
300
_a
16-18 pages, 2017 October 8
440
_a
Philippine Panorama
650
_a
SUCCESS
999
_c
353319
_d
353319